| 000 | 00824nam a2200289 a 4500 | ||
|---|---|---|---|
| 003 | AR-BaBNM | ||
| 005 | 20251128205902.0 | ||
| 008 | 082120s2002 ||||||||||||||000 | spa|| | ||
| 020 | _a950-99711-1-1 | ||
| 040 | _cAR-BaBNM | ||
| 100 | 1 | _aMorales, Ernesto | |
| 245 | 0 | 0 | _aLa ciudad encantada de la Patagonia |
| 260 |
_aBuenos Aires _bTheoría _bSecretaría de Cultura de la Nación _c1994 |
||
| 300 |
_a127 p. _bmapas, il., láms. |
||
| 490 | 0 |
_aIdentidad nacional _vv. 78 |
|
| 650 | 4 | _aHISTORIA PROVINCIAL ARGENTINA | |
| 650 | 4 | _aHISTORIA | |
| 650 | 4 | _aLITERATURA | |
| 650 | 4 | _aGEOGRAFIA HISTORICA | |
| 650 | 4 | _aHISTORIA SOCIAL | |
| 650 | 4 | _aCOLONIZACION | |
| 650 | 4 | _aABORIGENES ARGENTINOS | |
| 650 | 4 | _aPERIODO HISPANICO | |
| 700 | 1 |
_aBarcia, Pedro Luis _eprologuista |
|
| 942 | _cBK | ||
| 998 | _cMariana | ||
| 999 |
_c13152 _d13152 |
||